00988nac a22002771i 4500003000900000005001700009008004100026020002200067020001800089040004300107082002100150100004200171245003200213264004600245264001000291300004400301336002600345337002800371338002700399504005100426650004300477655001700520942001200537999001300549952014800562EG-ScBUE20230712124719.0230712t2002 flua f b 001 0 eng d a0415246512 (pbk.) a9780415246514 aEG-ScBUEbengerdacEG-ScBUEdEG-ScBUE04a910.285bWIS2221 aWise, Stephen, eauthor.10aGIS basics /cStephen Wise. 1aBoca Raton, Florida :bCRC Press,c[2002] 4cc2002 axv, 218 pages :billustrations ;c24 cm 2rdacontentatextbtxt 2rdamediaaunmediatedbn 2rdacarrieravolumebnc aIncludes bibliographical references and index. 7aGeographic information systems.2BUEsh vReading book cBB2ddc c654d654 00102ddc40708AlahramaMAINbMAINc2NDd2006-07-20ePurchaseg413.00l0o910.285 WISp000003951r2025-07-15 00:00:00v516.25w2006-07-20yBB